Harry Potter Spells & Jinxes - Statistics

General Stats
  • This quiz has been taken 1,786 times
  • The average score is 19 of 31
Answer Stats
Hint Answer % Correct
Summoning Charm Accio
98%
Unlocks Doors Alohomora
95%
Lights The Tip of the Wand Lumos
93%
Disarming Charm Expelliarmus
90%
Fixes Broken Items Reparo
89%
Causes Instant Death Avada Kedavra
88%
Inflicts Excruciating Pain Crucio
88%
Levitation Charm Wingardium Leviosa
87%
Extinguishes the Lights Nox
86%
Victim Become Unquestioning Puppet Imperio
80%
Removes Memories Obliviate
80%
Conjures Water Aguamenti
77%
Defence Against Boggarts Riddikulus
76%
Stunning Spell Stupefy
74%
Enlarges Objects Engorgio
69%
Hangs Victim By Feet Levicorpus
66%
Shield from Minor Spells Protego
65%
Full Body-Bind Petrificus Totalus
63%
Produces More Powerful Light Lumos Maxima
60%
As Though Slashed With Sword Sectumsempra
60%
Conjures Fire Incendio
50%
Turns Object Into Portkey Portus
49%
Blasts Solid Objects Reducto
47%
Rips Object In Half Diffindo
45%
Heals Minor Injuries Episkey
43%
Repairs Glass Oculus Reparo
37%
Another Powerful Blasting Spell Bombarda
33%
Slows Falling Objects Arresto Momentum
31%
Spell used to Move Objects Downwards Descendo
13%
Spell used to Push/Topple Objects Flipendo
7%
Gouging Spell Defodio
4%
No matching quizzes found
Score Distribution
Percent of People with Each Score
Percentile by Number Answered
Your Score History
You have not taken this quiz